Rožňava

Zobrazenie: Pohľad na námestie s budovami vpravo parkujú automobily, na ceste stojí čierny automobil a vľavo je vidieť časť stromu, v pozadí sú zalesnené kopce a v popredí je časť plota

Bibliographic Details
Format: Postcard
Language:Slovak
PhysicalDescription:1 pohľadnica čiernobiela 11 x 15 cm
Published: Bratislava Slovenské vydavateľstvo politickej literatúry 1961
Subjects:

MARC

LEADER 00000nkm a2200000 a 4500
001 vtls011982112
003 SK-MaSNL
005 20260512123749.0
007 kp bo
008 231121s1961 xo g 00 kuslo
015 |a SNBG1961 
035 |a urn:nbn:sk:snk-km00fd6e 
035 |a urn:nbn:sk:snk-km45uej 
035 |a 65C7020E-0327-4EA2-8ECD-56D7EC2AC526 
040 |a SNK  |b slo  |c SNK  |e AACR2 
041 0 |a slo 
043 |a e-xo--- 
044 |a xo  |c SK 
072 7 |a 913  |x Regionálna geografia  |2 konspekt 
080 |a 913(437.6)  |2 2011 
080 |a 721  |2 2011 
080 |a (084.121)  |2 2011 
080 |a 711.61  |2 2011 
245 0 0 |a Rožňava  |h grafika 
260 |a Bratislava  |b Slovenské vydavateľstvo politickej literatúry  |c 1961 
300 |a 1 pohľadnica  |b čiernobiela  |c 11 x 15 cm 
520 8 |a Zobrazenie: Pohľad na námestie s budovami vpravo parkujú automobily, na ceste stojí čierny automobil a vľavo je vidieť časť stromu, v pozadí sú zalesnené kopce a v popredí je časť plota 
650 0 7 |a budovy  |2 SNKPH  |9 1283 
650 0 7 |a námestia  |2 SNKPH  |9 26291 
651 7 |a Rožňava (Slovensko)  |2 SNKPHgeo  |9 17394 
655 7 |a miestne pohľadnice  |2 SNKPH  |9 70510 
852 |a Slovenská národná knižnica 
958 |a GBN 
958 |a OND 
958 |a GC 
958 |a EUIPO 
999 |c 780944  |d 782874 
952 |a SNK  |b SNK  |y PREZ  |7 0  |p 17A1378184  |o snkSP 115235  |z Pohľadnica prešla poštou.  |0 0  |1 0  |4 0  |d 2020-07-16  |f 1  |l 0  |r 2026-02-24 01:04:05  |w 2026-02-24